[Event "Bodensee Seniors op 7th"]
[Site "Bregenz"]
[Date "2023.05.13"]
[Round "1"]
[White "Nussbaumer, Josef"]
[Black "Haubt, Georg"]
[Result "0-1"]
[WhiteElo "1751"]
[BlackElo "2055"]
[PlyCount "92"]
[EventDate "2023.05.13"]
[EventType "swiss"]
[EventRounds "7"]
[EventCountry "AUT"]
[SourceTitle "CBM 214 Extra"]
[Source "ChessBase"]
[SourceDate "2023.07.31"]
[SourceVersion "1"]
[SourceVersionDate "2023.07.31"]
[SourceQuality "1"]

1. e4 d5 2. exd5 Qxd5 3. Nc3 Qd6 4. Nf3 Nf6 5. Be2 c5 6. 0-0 Nc6 7. Nb5 Qd8 8. d3 a6 9. Nc3 g6 10. Re1 Bg7 11. Be3 Nd4 12. Qd2 0-0 13. Bh6 Nxc2 14. Bxg7 Nxe1 15. Bxf8 Nxf3+ 16. Bxf3 Kxf8 17. Qf4 Qd6 18. Qh6+ Kg8 19. Ne4 Nxe4 20. Bxe4 Be6 21. b3 Rb8 22. Re1 b5 23. h4 Qe5 24. Re3 Qg7 25. Qf4 Rd8 26. Qc7 Qa1+ 27. Kh2 Qd4 28. Qg3 f5 29. Qg5 fxe4 30. Rxe4 Qd6+ 31. g3 Rf8 32. Qe3 Rf6 33. f4 Kf8 34. Re5 Bd5 35. d4 c4 36. g4 cxb3 37. axb3 Re6 38. f5 gxf5 39. gxf5 Rxe5 40. dxe5 Qc6 41. Kg3 b4 42. Kg4 Qc2 43. Qh6+ Ke8 44. Qxa6 Qe4+ 45. Kg5 Qe3+ 46. Kg4 Bf3+ 0-1

[Event "Oberoesterreich-ch op"]
[Site "Haid/Ansfelden"]
[Date "2018.03.30"]
[Round "8"]
[White "Hoebarth, Guenter"]
[Black "Nussbaumer, Josef"]
[Result "1-0"]
[WhiteElo "1941"]
[BlackElo "1849"]
[PlyCount "48"]
[EventDate "2018.03.23"]
[EventType "swiss"]
[EventRounds "9"]
[EventCountry "AUT"]
[SourceTitle "EXT 2021"]
[Source "ChessBase"]
[SourceDate "2020.10.23"]
[SourceVersion "1"]
[SourceVersionDate "2020.10.23"]
[SourceQuality "1"]

1. d3 d5 2. Nd2 e5 3. Ngf3 Nc6 4. e4 Nf6 5. c3 Bc5 6. Be2 Ng4 7. 0-0 f5 8. exd5 Qxd5 9. d4 exd4 10. Bc4 Qd6 11. Qe2+ Kd8 12. Nb3 Re8 13. Bg5+ Nf6 14. Qc2 h6 15. Nxc5 Qxc5 16. cxd4 Qd6 17. Ne5 Nxe5 18. dxe5 Qxe5 19. Rad1+ Bd7 20. Rd5 Qe7 21. Bxf6 Qxf6 22. Rfd1 Re7 23. Qd2 Qe6 24. Rxd7+ Rxd7 1-0

[Event "Hoersching op 2nd"]
[Site "Hoersching"]
[Date "2014.08.25"]
[Round "3"]
[White "Passecker, Josef"]
[Black "Nussbaumer, Josef"]
[Result "0-1"]
[WhiteElo "1746"]
[BlackElo "1910"]
[PlyCount "88"]
[EventDate "2014.08.23"]
[EventType "swiss"]
[EventRounds "9"]
[EventCountry "AUT"]
[SourceTitle "EXT 2015"]
[Source "ChessBase"]
[SourceDate "2014.11.20"]
[SourceVersion "1"]
[SourceVersionDate "2014.11.20"]
[SourceQuality "1"]

1. Nf3 Nf6 2. d4 c5 3. c3 e6 4. g3 b6 5. Bg2 Bb7 6. 0-0 d5 7. Qc2 Nc6 8. Bf4 Rc8 9. dxc5 bxc5 10. Nbd2 Nh5 11. Bg5 f6 12. Be3 d4 13. cxd4 cxd4 14. Qb3 dxe3 15. Qxe6+ Qe7 16. Qxe3 Qxe3 17. fxe3 Bc5 18. Nd4 Nxd4 19. exd4 Bxd4+ 20. Kh1 Bxg2+ 21. Kxg2 g6 22. Rac1 Kf7 23. b3 Be3 24. Rxc8 Rxc8 25. Nc4 Bc5 26. Rc1 Ke6 27. Kf3 f5 28. Re1 Nf6 29. h3 Ne4 30. g4 Ng5+ 31. Kg2 fxg4 32. hxg4 Rd8 33. Rh1 Rd4 34. Kg3 Re4 35. Kh4 h6 36. Kg3 Rxe2 37. Rxh6 Kf6 38. Rh8 Rxa2 39. Rc8 Bf2+ 40. Kf4 Ne6+ 41. Kf3 Kg5 42. Re8 Nd4+ 43. Kg2 Be3+ 44. Kh3 Bf4 0-1

[Event "Vienna Tschaturanga op"]
[Site "Vienna"]
[Date "2012.05.08"]
[Round "2"]
[White "Nussbaumer, Josef"]
[Black "Lytvynets, Dmytro"]
[Result "0-1"]
[WhiteElo "1912"]
[BlackElo "2136"]
[PlyCount "103"]
[EventDate "2012.05.07"]
[EventType "swiss"]
[EventRounds "7"]
[EventCountry "AUT"]
[SourceTitle "CBM 148 Extra"]
[Source "ChessBase"]
[SourceDate "2012.06.22"]
[SourceVersion "1"]
[SourceVersionDate "2012.06.22"]
[SourceQuality "1"]

1. e4 c5 2. Nf3 e6 3. Nc3 a6 4. g3 Nc6 5. d4 cxd4 6. Nxd4 Nge7 7. Bg2 Nxd4 8. Qxd4 Nc6 9. Qa4 d6 10. e5 d5 11. 0-0 Bd7 12. Qf4 Qc7 13. Nxd5 exd5 14. e6 Qxf4 15. exd7+ Kxd7 16. Bxf4 Bd6 17. Bxd6 Kxd6 18. Rad1 Ne7 19. Bxd5 Nxd5 20. c4 Rad8 21. Rxd5+ Kc6 22. Rfd1 Rxd5 23. Rxd5 b5 24. b4 bxc4 25. Rc5+ Kb6 26. Rxc4 Kb5 27. Rd4 Re8 28. Rd7 Kxb4 29. Rxf7 g6 30. Rxh7 Ka3 31. h4 a5 32. h5 gxh5 33. Rxh5 a4 34. g4 Kxa2 35. Rb5 a3 36. g5 Rf8 37. Kg2 Ka1 38. Kg3 a2 39. f4 Rxf4 40. Ra5 Rb4 41. Rf5 Kb2 42. Rf2+ Ka3 43. Rf1 Rb1 44. Rf6 a1Q 45. Ra6+ Kb4 46. Rxa1 Rxa1 47. Kg4 Kc5 48. Kf5 Kd6 49. Kf6 Rf1+ 50. Kg7 Ke7 51. g6 Rh1 52. Kg8 0-1

[Event "Semriach op 11th"]
[Site "Semriach"]
[Date "2012.05.01"]
[Round "5.5"]
[White "Nussbaumer, Josef"]
[Black "Ernst, Michael"]
[Result "1/2-1/2"]
[WhiteElo "1940"]
[BlackElo "2212"]
[PlyCount "95"]
[EventDate "2012.04.27"]
[EventType "swiss"]
[EventRounds "5"]
[EventCountry "AUT"]
[SourceTitle "EXT 2024"]
[Source "ChessBase"]
[SourceDate "2023.10.10"]
[SourceVersion "1"]
[SourceVersionDate "2023.10.10"]
[SourceQuality "1"]

1. e4 e6 2. d4 d5 3. Nd2 Nf6 4. e5 Nfd7 5. Bd3 c5 6. c3 Nc6 7. Ne2 cxd4 8. cxd4 f6 9. exf6 Nxf6 10. Nf3 Bd6 11. 0-0 Qc7 12. Bg5 0-0 13. Bh4 Nh5 14. Qc2 h6 15. Bh7+ Kh8 16. Bg6 Rxf3 17. Bxh5 Rf8 18. Bg3 Bd7 19. Rac1 Rf6 20. a3 Bxg3 21. hxg3 Qb6 22. Qd2 Na5 23. Qb4 Qxb4 24. axb4 Nc4 25. Nf4 Kh7 26. Nd3 Bb5 27. Rfe1 Raf8 28. Nc5 Rxf2 29. b3 Nd2 30. Nxe6 Rf1+ 31. Rxf1 Rxf1+ 32. Rxf1 Nxf1 33. Kf2 Nd2 34. Bd1 Ne4+ 35. Kf3 Kg8 36. Nc7 Bc6 37. b5 Bd7 38. Nxd5 Ng5+ 39. Kf4 Bxb5 40. Nc7 Bf1 41. Bf3 Nxf3 42. gxf3 Kf7 43. Ke5 Ke7 44. d5 Kd7 45. d6 g5 46. Ne6 b6 47. Nf8+ Ke8 48. Ke6 1/2-1/2

[Event "Semriach op 11th"]
[Site "Semriach"]
[Date "2012.04.30"]
[Round "4.11"]
[White "Wenger, Klaus"]
[Black "Nussbaumer, Josef"]
[Result "0-1"]
[WhiteElo "1961"]
[BlackElo "1940"]
[PlyCount "74"]
[EventDate "2012.04.27"]
[EventType "swiss"]
[EventRounds "5"]
[EventCountry "AUT"]
[SourceTitle "EXT 2024"]
[Source "ChessBase"]
[SourceDate "2023.10.10"]
[SourceVersion "1"]
[SourceVersionDate "2023.10.10"]
[SourceQuality "1"]

1. e4 e5 2. Nf3 Nc6 3. Bc4 Nf6 4. d3 Be7 5. 0-0 0-0 6. Qe2 d6 7. a4 Bg4 8. c3 Na5 9. Ba2 Be6 10. b4 Nc6 11. Na3 a6 12. Bxe6 fxe6 13. Qa2 Qd7 14. Ng5 Nd8 15. Nc4 h6 16. Nf3 Qe8 17. Qe2 Qh5 18. h3 Nc6 19. Bd2 Rae8 20. b5 Nb8 21. Be3 c5 22. Rfb1 Nbd7 23. bxa6 bxa6 24. Na5 d5 25. Bd2 Rf7 26. Bc1 Ref8 27. Nb3 Nxe4 28. dxe4 Rxf3 29. Qxf3 Rxf3 30. gxf3 Qxh3 31. Nd2 c4 32. Rb7 Nc5 33. Rb8+ Kh7 34. Nf1 Nd3 35. Be3 d4 36. cxd4 exd4 37. Bxd4 Nf4 0-1

[Event "Semriach op 11th"]
[Site "Semriach"]
[Date "2012.04.28"]
[Round "2.9"]
[White "Schwartz, Christian"]
[Black "Nussbaumer, Josef"]
[Result "0-1"]
[WhiteElo "2084"]
[BlackElo "1940"]
[PlyCount "68"]
[EventDate "2012.04.27"]
[EventType "swiss"]
[EventRounds "5"]
[EventCountry "AUT"]
[SourceTitle "EXT 2024"]
[Source "ChessBase"]
[SourceDate "2023.10.10"]
[SourceVersion "1"]
[SourceVersionDate "2023.10.10"]
[SourceQuality "1"]

1. e4 e5 2. f4 d5 3. exd5 e4 4. d3 Nf6 5. Qe2 Qxd5 6. Nc3 Bb4 7. Bd2 Bxc3 8. Bxc3 Nbd7 9. dxe4 Qxe4 10. Qxe4+ Nxe4 11. Bxg7 Rg8 12. Bd4 c5 13. Be3 Ndf6 14. g3 Ng4 15. Bb5+ Ke7 16. Ke2 Nxe3 17. Kxe3 Nd6 18. Bd3 h6 19. Nf3 Be6 20. c3 Rad8 21. Rhe1 Rge8 22. Kf2 Kd7 23. Re5 b6 24. Rh5 Rh8 25. Re5 f6 26. Re3 h5 27. Rae1 Bd5 28. Re7+ Kc6 29. Rxa7 Nc8 30. Rg7 Bxf3 31. Re6+ Kd5 32. f5 c4 33. Bc2 Bg4 34. Kg2 Nd6 0-1

[Event "EU-chT Seniors 11th"]
[Site "Velden"]
[Date "2009.04.11"]
[Round "7"]
[White "Nussbaumer, Josef"]
[Black "Olesen, Poul Erik Norgaard"]
[Result "0-1"]
[WhiteElo "2070"]
[BlackElo "2039"]
[PlyCount "78"]
[EventDate "2009.04.05"]
[EventType "team-swiss"]
[EventRounds "9"]
[EventCountry "AUT"]
[SourceTitle "CBM 129 Extra"]
[Source "ChessBase"]
[SourceDate "2009.05.05"]
[SourceVersion "2"]
[SourceVersionDate "2009.05.20"]
[SourceQuality "1"]

1. e4 g6 2. d4 Bg7 3. f4 d6 4. Nf3 Nf6 5. Nc3 0-0 6. Bd3 Nc6 7. 0-0 e5 8. fxe5 dxe5 9. d5 Nb4 10. Qe1 c6 11. Qh4 cxd5 12. Bg5 dxe4 13. Nxe4 Qb6+ 14. Kh1 Nxe4 15. Bxe4 f5 16. Bh6 Bxh6 17. Qxh6 Qf6 18. Bd3 Nxd3 19. cxd3 Bd7 20. Rae1 Rae8 21. Ng5 Qg7 22. Qh4 h6 23. Qc4+ Kh8 24. Nf3 Bc6 25. Re3 e4 26. Nd4 Qd7 27. Nxc6 Qxc6 28. Qd4+ Kh7 29. Ree1 Rd8 30. Qxa7 Rxd3 31. Rc1 Qd7 32. Qb6 Rf7 33. Rfe1 Re7 34. Rc2 Rd2 35. Rxd2 Qxd2 36. Rf1 e3 37. Qf6 Rd7 38. Qh4 e2 39. Re1 Qxe1+ 0-1

[Event "EU-chT Seniors 11th"]
[Site "Velden"]
[Date "2009.04.10"]
[Round "6"]
[White "Nussbaumer, Josef"]
[Black "Lehtosaari, Kalevi"]
[Result "0-1"]
[WhiteElo "2070"]
[BlackElo "2031"]
[PlyCount "53"]
[EventDate "2009.04.05"]
[EventType "team-swiss"]
[EventRounds "9"]
[EventCountry "AUT"]
[SourceTitle "CBM 129 Extra"]
[Source "ChessBase"]
[SourceDate "2009.05.05"]
[SourceVersion "2"]
[SourceVersionDate "2009.05.20"]
[SourceQuality "1"]

1. e4 e5 2. Nf3 Nf6 3. Nxe5 d6 4. Nf3 Nxe4 5. Qe2 Qe7 6. d3 Nf6 7. Bg5 Be6 8. Nc3 c6 9. 0-0-0 h6 10. Bh4 g5 11. Bg3 Bg7 12. Re1 0-0 13. Nd4 Re8 14. Nf5 Qd7 15. Nxd6 Rd8 16. Kb1 a5 17. Nce4 Nxe4 18. Nxe4 a4 19. Be5 Bxa2+ 20. Ka1 Bxe5 21. Nc5 Bxb2+ 22. Kxb2 Qd4+ 23. Kxa2 Qxc5 24. h4 Na6 25. hxg5 Nb4+ 26. Kb1 a3 27. Rc1 0-1

[Event "EU-chT Seniors 11th"]
[Site "Velden"]
[Date "2009.04.09"]
[Round "5"]
[White "Arp, Frans"]
[Black "Nussbaumer, Josef"]
[Result "1-0"]
[WhiteElo "2095"]
[BlackElo "2070"]
[PlyCount "53"]
[EventDate "2009.04.05"]
[EventType "team-swiss"]
[EventRounds "9"]
[EventCountry "AUT"]
[SourceTitle "CBM 129 Extra"]
[Source "ChessBase"]
[SourceDate "2009.05.05"]
[SourceVersion "2"]
[SourceVersionDate "2009.05.20"]
[SourceQuality "1"]

1. e4 e5 2. Nf3 Nc6 3. Bb5 a6 4. Ba4 Nf6 5. 0-0 Be7 6. Re1 b5 7. Bb3 0-0 8. c3 d6 9. h3 Na5 10. Bc2 c5 11. d4 cxd4 12. cxd4 Qc7 13. Nc3 Bb7 14. Bg5 Nc4 15. Nd5 Nxd5 16. exd5 f6 17. Bc1 Bxd5 18. dxe5 Bxf3 19. Qxf3 fxe5 20. Qh5 h6 21. Bxh6 Bf6 22. Qg6 Rf7 23. Be4 Bh4 24. g3 Qa7 25. Re3 Rd8 26. Bd5 Nxe3 27. Qxg7# 1-0

[Event "EU-chT Seniors 11th"]
[Site "Velden"]
[Date "2009.04.08"]
[Round "4"]
[White "Nussbaumer, Josef"]
[Black "Maes, Valeer"]
[Result "1/2-1/2"]
[WhiteElo "2070"]
[BlackElo "2150"]
[PlyCount "103"]
[EventDate "2009.04.05"]
[EventType "team-swiss"]
[EventRounds "9"]
[EventCountry "AUT"]
[SourceTitle "CBM 129 Extra"]
[Source "ChessBase"]
[SourceDate "2009.05.05"]
[SourceVersion "2"]
[SourceVersionDate "2009.05.20"]
[SourceQuality "1"]

1. e4 e6 2. c4 d5 3. cxd5 exd5 4. Qb3 Nf6 5. e5 Ne4 6. Nc3 Nxc3 7. bxc3 c6 8. d4 Nd7 9. f4 Nb6 10. a4 Rb8 11. Bd3 Qh4+ 12. g3 Qh5 13. Ba3 Bxa3 14. Qxa3 Bf5 15. Be2 Bg4 16. Ra2 Qg6 17. Bxg4 Nc4 18. Qc1 Qxg4 19. Kf2 0-0 20. Nf3 b5 21. h3 Qd7 22. axb5 Rxb5 23. g4 Rfb8 24. f5 Rb2+ 25. Rxb2 Rxb2+ 26. Kg3 Re2 27. Qf4 Re4 28. e6 Qb7 29. exf7+ Kf8 30. Qg5 Qb8+ 31. Kh4 h6 32. Qg6 Qf4 33. Rb1 Ne3 34. Ne5 Nxf5+ 35. Qxf5 Qxf5 36. Rb8+ Ke7 37. f8Q+ Qxf8 38. Ng6+ Kf7 39. Nxf8 Re3 40. g5 hxg5+ 41. Kg4 Rxc3 42. Nd7 Ke6 43. Ne5 c5 44. Re8+ Kd6 45. Kf5 cxd4 46. Rd8+ Kc5 47. Ke6 Rxh3 48. Rxd5+ Kb6 49. Nc4+ Kc6 50. Ne5+ Kb6 51. Nd7+ Kc7 52. Rxd4 1/2-1/2

[Event "EU-chT Seniors 11th"]
[Site "Velden"]
[Date "2009.04.06"]
[Round "2"]
[White "Nussbaumer, Josef"]
[Black "Nystrom, Ragnar"]
[Result "0-1"]
[WhiteElo "2070"]
[BlackElo "1971"]
[PlyCount "80"]
[EventDate "2009.04.05"]
[EventType "team-swiss"]
[EventRounds "9"]
[EventCountry "AUT"]
[SourceTitle "CBM 129 Extra"]
[Source "ChessBase"]
[SourceDate "2009.05.05"]
[SourceVersion "2"]
[SourceVersionDate "2009.05.20"]
[SourceQuality "1"]

1. d4 Nf6 2. c4 e6 3. Nf3 d5 4. Nc3 Be7 5. e3 0-0 6. Bd3 dxc4 7. Bxc4 c5 8. 0-0 a6 9. a4 Nc6 10. b3 Qc7 11. Bb2 Rd8 12. Rc1 b6 13. Qd2 Na5 14. Ne2 Nxc4 15. Rxc4 Bb7 16. Ng3 Bd5 17. Rc3 Bxf3 18. gxf3 Qb7 19. Qe2 cxd4 20. exd4 Rxd4 21. Rfc1 Rd7 22. Qc2 Rad8 23. Ne4 Nd5 24. Rc8 Nf4 25. Rxd8+ Rxd8 26. Be5 Nd5 27. Qc6 Qxc6 28. Rxc6 f6 29. Bg3 e5 30. a5 bxa5 31. Nc5 Nb4 32. Rc7 Bd6 33. Rd7 Rxd7 34. Nxd7 Nd5 35. h4 Kf7 36. f4 exf4 37. Bxf4 Nxf4 38. Nb6 Ne2+ 39. Kf1 Nd4 40. Nc4 Bb4 0-1

[Event "Donau op 10th"]
[Site "Aschach"]
[Date "2001.12.27"]
[Round "2"]
[White "Nussbaumer, Josef"]
[Black "Posch, Werner"]
[Result "0-1"]
[WhiteElo "2069"]
[BlackElo "2282"]
[PlyCount "64"]
[EventDate "2001.12.26"]
[EventType "swiss"]
[EventRounds "7"]
[EventCountry "AUT"]
[SourceTitle "CBM 085 Extra"]
[Source "ChessBase"]
[SourceDate "2002.01.21"]
[SourceVersion "1"]
[SourceVersionDate "2002.01.21"]
[SourceQuality "1"]

1. e4 Nf6 2. e5 Nd5 3. d4 d6 4. c4 Nb6 5. f4 dxe5 6. fxe5 c5 7. d5 e6 8. Nf3 exd5 9. cxd5 Qxd5 10. Qc2 Nc6 11. Bb5 Bd7 12. Nc3 Nd4 13. Nxd4 Qxd4 14. Qe2 0-0-0 15. Bxd7+ Rxd7 16. Nb5 Qb4+ 17. Kf2 c4 18. Nd6+ Bxd6 19. exd6 Rxd6 20. Bf4 Re6 21. Qg4 Qxb2+ 22. Kg3 h5 23. Qf5 Qc3+ 24. Kf2 Qd4+ 25. Kf3 Nd5 26. Rhd1 Qxf4+ 27. Qxf4 Nxf4 28. Kxf4 Rd8 29. Rxd8+ Kxd8 30. a4 Kc7 31. Rc1 Rc6 32. Ke5 c3 0-1

[Event "Donau op-A 08th"]
[Site "Aschach"]
[Date "1999.12.27"]
[Round "3"]
[White "Nussbaumer, Josef"]
[Black "Hansen, Kay"]
[Result "0-1"]
[WhiteElo "2109"]
[BlackElo "2240"]
[PlyCount "99"]
[EventDate "1999.12.26"]
[EventType "swiss"]
[EventRounds "7"]
[EventCountry "AUT"]
[SourceTitle "CBM 073 Extra"]
[Source "ChessBase"]
[SourceDate "2000.01.11"]
[SourceVersion "1"]
[SourceVersionDate "2000.01.11"]
[SourceQuality "1"]

1. e4 c6 2. d4 d5 3. Nc3 dxe4 4. Nxe4 Bf5 5. Ng3 Bg6 6. h4 h6 7. h5 Bh7 8. Nf3 e6 9. Bd3 Bxd3 10. Qxd3 Nf6 11. Bf4 Bd6 12. Ne5 Qc7 13. Rh4 Nbd7 14. 0-0-0 Nxe5 15. dxe5 Bxe5 16. Bxe5 Qxe5 17. Ne4 0-0 18. Nxf6+ Qxf6 19. Qg3 Rad8 20. Rxd8 Rxd8 21. Qf4 Qxf4+ 22. Rxf4 Kf8 23. c3 Rd5 24. g4 Ke7 25. Kc2 g5 26. hxg6 fxg6 27. Rf3 h5 28. Rh3 Kf6 29. f3 hxg4 30. fxg4 Rd7 31. Rg3 Kg5 32. b4 e5 33. a4 e4 34. b5 Kf4 35. Rg1 e3 36. bxc6 bxc6 37. Rf1+ Kxg4 38. Rf6 g5 39. Rxc6 e2 40. Re6 Kf3 41. Rf6+ Kg2 42. Re6 Kf1 43. Rf6+ Ke1 44. Rh6 Rd2+ 45. Kc1 Rd1+ 46. Kc2 Kf2 47. Rh2+ Kf3 48. Rxe2 Kxe2 49. c4 g4 50. Kc3 0-1

[Event "Linz county-ch"]
[Site "Linz"]
[Date "1999.03.31"]
[Round "6"]
[White "Mittendorfer, Josef"]
[Black "Nussbaumer, Josef"]
[Result "1-0"]
[WhiteElo "2058"]
[BlackElo "2109"]
[PlyCount "75"]
[EventDate "1999.03.26"]
[EventType "swiss"]
[EventRounds "9"]
[EventCountry "AUT"]
[SourceTitle "EXT 2004"]
[Source "ChessBase"]
[SourceDate "2003.11.25"]
[SourceVersion "1"]
[SourceVersionDate "2003.11.25"]
[SourceQuality "1"]

1. d4 Nf6 2. Nf3 c5 3. c4 g6 4. Nc3 cxd4 5. Nxd4 Nc6 6. e4 Bg7 7. Nb3 0-0 8. Be2 b6 9. 0-0 Bb7 10. Be3 Rc8 11. Rc1 Ne5 12. Nd2 d6 13. f4 Nc6 14. g4 Nd7 15. Nf3 Nc5 16. Bd3 Nxd3 17. Qxd3 Nb4 18. Qe2 Qd7 19. f5 gxf5 20. gxf5 e6 21. Nd4 Be5 22. Rf3 Kh8 23. Rh3 Rg8+ 24. Kf1 Rg7 25. a3 Nc6 26. Nxc6 Qxc6 27. Bh6 Rgg8 28. b3 exf5 29. Qh5 Rg6 30. Bf4 h6 31. Bxh6 Kg8 32. Nd5 Qe8 33. exf5 Rxh6 34. Qxh6 Bxd5 35. f6 Bg2+ 36. Kxg2 Qc6+ 37. Rf3 Bxf6 38. Qxf6 1-0

[Event "Donau op 07th"]
[Site "Aschach"]
[Date "1998.12.27"]
[Round "2"]
[White "Nussbaumer, Josef"]
[Black "Kiss, Attila"]
[Result "0-1"]
[WhiteElo "2130"]
[BlackElo "2340"]
[PlyCount "74"]
[EventDate "1998.12.26"]
[EventType "swiss"]
[EventRounds "7"]
[EventCountry "AUT"]
[SourceTitle "EXT 2000"]
[Source "ChessBase"]
[SourceDate "1999.11.16"]
[SourceVersion "1"]
[SourceVersionDate "1999.11.16"]
[SourceQuality "1"]

1. e4 d5 2. exd5 Nf6 3. d4 Nxd5 4. c4 Nb6 5. Nf3 g6 6. Be2 Bg7 7. Nc3 0-0 8. Be3 Nc6 9. Qd2 Bg4 10. 0-0-0 Bxf3 11. gxf3 e5 12. d5 Nd4 13. Bh6 Nxe2+ 14. Nxe2 Nxc4 15. Qg5 Bxh6 16. Qxh6 Qf6 17. Rd3 Qb6 18. b3 Qxf2 19. Ng3 Qb2+ 20. Kd1 Qb1+ 21. Ke2 Qc2+ 22. Ke1 Qxd3 23. bxc4 f5 24. Nh5 Rf7 25. Rg1 f4 26. Qg5 Qe3+ 27. Kd1 Qxf3+ 28. Kc2 Qe4+ 29. Kc3 Qd4+ 30. Kb3 Qd3+ 31. Kb2 Qf5 32. Qh6 Kh8 33. Rg5 Qd3 34. Rg2 b5 35. c5 Qd4+ 36. Ka3 Qxc5+ 37. Kb2 Qd4+ 0-1